000 00965nam a22002177a 4500
999 _c7978
_d7978
003 AR-CdUCM
008 190321b ||||| |||| 00| 0 spa d
020 _a84-7232-194-0
040 _aMUNICIPALIDAD PROVINCIAL DEL CUSCO
_cBIBLIOTECA MUNICIPAL DEL CUSCO
082 _a508.3 /
_bA71
100 _aArias Divito, Juan Carlos
_922545
245 _aExpedición científica de los hermanos Heuland, 1795-1800 /
260 _aMadrid :
_bCultura Hispánica del Centro Iberoamericano de Cooperación,
_c1978.
300 _a150 páginas ;
_bIlustraciones,
_c23 cm.
505 _aInstrucciones y preparativos (1794) -- Viajes hasta Buenos Aires y primeras actividades en el actual territorio argentino (1795) -- De Mendoza a Chile a través de los andes (1795) ...
650 _aExpediciones científicas
_914844
650 _aAmérica del Sur
_9742
710 _aCultura Hispánica del Centro Iberoamericano de Cooperación
_922546
942 _2ddc
_cLIBROS
945 _aacv